| 000 | 00886cam a22002295a 4500 | ||
|---|---|---|---|
| 001 | L159410 | ||
| 008 | 170427s2016 xxk f 000 0 eng d | ||
| 020 | _a9781315565729 | ||
| 035 | _a(Sirsi) u159410 | ||
| 041 | 0 | _aeng | |
| 100 | 1 | _aDalcher, Darren | |
| 245 | 0 | 0 |
_aAdvances in project management _h[electronic resource] |
| 250 | _a1st edition | ||
| 260 |
_aLondon _bTaylor & Francis Ltd _c2016 |
||
| 520 | _aLooks at a range of topics involved in the project management chain including risk, supply chain, performance meaurement, sustainability, leadership, governance, programme management, decision-making, problem solving and psychology. | ||
| 590 | _aKA | ||
| 650 | 2 | 4 | _aEBOOK |
| 651 | 4 | _aInternational | |
| 690 |
_aProject management _96261 |
||
| 856 | 4 | 0 |
_uhttps://www.vlebooks.com/ _zView on VLEbooks. Logins for members only from [email protected] |
| 942 |
_n0 _2ddc |
||
| 999 |
_c115875 _d115875 |
||